书目信息 |
| 题名: |
热能专业英语阅读与写作
|
|
| 作者: | 程乐鸣 , 王树荣合 编 | |
| 分册: | ||
| 出版信息: | 北京 中国电力出版社 2005.01 |
|
| 页数: | 273页 | |
| 开本: | 24cm | |
| 丛书名: | ||
| 单 册: | ||
| 中图分类: | H319 | |
| 科图分类: | ||
| 主题词: | 热能--re neng--英语--写作--高等学校--教材 , 热能--re neng--英语--阅读教学--高等学校--教材 | |
| 电子资源: | ||
| ISBN: | 7-5083-2605-9 | |
| 000 | 01263nam0 2200277 450 | |
| 001 | 012006283936 | |
| 005 | 20060905154406.71 | |
| 010 | @a7-5083-2605-9@dCNY26.00 | |
| 100 | @a20060612d2005 km y0chiy0120 ea | |
| 101 | 0 | @achi |
| 102 | @aCN@b110000 | |
| 105 | @aa a 000yy | |
| 200 | 1 | @a热能专业英语阅读与写作@Are neng zhuan ye ying yu yue du yu xie zuo@d= Practical scientific English reading and writing for the major in thermal engineering science@f程乐鸣, 王树荣合编@Fcheng yue ming,wang shu rong he bian |
| 210 | @a北京@c中国电力出版社@d2005.01 | |
| 215 | @a273页@c图@d24cm | |
| 300 | @a普通高等教育"十五"规划教材 | |
| 320 | @a有书目 (第273页)。 | |
| 330 | @a本书在阅读典型热能专业范文的基础上,介绍科技英写作基础,包括简科技英文写作的基本的句式,物品大小尺寸和特性的描写方法,比较名型和情态动词在科技英文应用和意义,科技英文中常用被动语态的使用。 | |
| 510 | 1 | @aPractical scientific English reading and writing for the major in thermal engineering science |
| 606 | 0 | @a热能@Are neng@x英语@x写作@x高等学校@j教材 |
| 606 | 0 | @a热能@Are neng@x英语@x阅读教学@x高等学校@j教材 |
| 690 | @aH319@v4 | |
| 701 | 0 | @a程乐鸣@Acheng yue ming@4编 |
| 701 | 0 | @a王树荣合@Awang shu rong he@4编 |
| 801 | 0 | @aCN@bQSSK@c20060905 |
| 905 | @a10447@dH319@eC754 | |
| 热能专业英语阅读与写作= Practical scientific English reading and writing for the major in thermal engineering science/程乐鸣, 王树荣合编.-北京:中国电力出版社,2005.01 |
| 273页:图;24cm |
| 普通高等教育"十五"规划教材 |
| ISBN 7-5083-2605-9:CNY26.00 |
| 本书在阅读典型热能专业范文的基础上,介绍科技英写作基础,包括简科技英文写作的基本的句式,物品大小尺寸和特性的描写方法,比较名型和情态动词在科技英文应用和意义,科技英文中常用被动语态的使用。 |
| ● |
| 相关链接 |
|
|
|
正题名:热能专业英语阅读与写作
索取号:H319/C754
 
预约/预借
| 序号 | 登录号 | 条形码 | 馆藏地/架位号 | 状态 | 备注 |
| 1 | 585708 | 205857081 | 语言库209/209语言库 41排6列4层/ [索取号:H319/C754] | 在馆 | |
| 2 | 585709 | 205857090 | 语言库209/209语言库 41排6列4层/ [索取号:H319/C754] | 在馆 | |
| 3 | 585710 | 205857107 | 语言库209/209语言库 41排6列4层/ [索取号:H319/C754] | 在馆 |